| 000 -ლიდერი |
| ფიქსირებული სიგრძის საკონტროლო ველი |
01267nam a2200277Ia 4500 |
| 001 - საკონტროლო ნომერი |
| საკონტროლო ველი |
20054 |
| 003 - საკონტროლო ნომრის იდენტიფიკატორი |
| საკონტროლო ველი |
GE_BSU |
| 005 - ბოლო ოპერაციის თარიღი და დრო |
| საკონტროლო ველი |
20221205165019.0 |
| 008 - ფიქსირებული სიგრძის მონაცემთა ელემენტები - ზოგადი ინფორმაცია |
| ფიქსირებული სიგრძის საკონტროლო ველი |
181216s2009||||ge |||||||||||||| ||geo|| |
| 020 ## - წიგნის საერთაშორისო სტანდარტული ნომერი |
| International Standard Book Number |
9789941409493 |
| 040 ## - კატალოგიზაციის წყარო |
| Transcribing agency |
GE_BSU |
| 041 ## - ენის კოდი |
| Language code of text/sound track or separate title |
geo |
| 080 ## - უნივერსალური ათობითი კლასიფიკაციის ინდექსი |
| Universal Decimal Classification number |
37.015.3 + 159.943 მ-19 |
| 100 ## - მთავარი ჩანაწერი - პიროვნების სახელი |
| Personal name |
მაკარაძე, ნანა |
| 9 (RLIN) |
10803 |
| 245 ## - ცნობა სათაურის შესახებ |
| Title |
სტრესი და სწავლა უმცროს სასკოლო ასაკში |
| Statement of responsibility, etc |
ნანა მაკარაძე ; [რედ. ნათელა იმედაძე]. |
| 264 ## - წარმოების, გამოცემის, დისტრიბუციის და სხვა ცნობები |
| გამოცემის, წარმოების, დისტრიბუციის... ადგილი |
ბათუმი : |
| გამოცემის, წარმოების, დისტრიბუციის... სახელწოდება |
შოთა რუსთაველის სახელმწ. უნ-ტი, |
| გამოცემის, წარმოების, დისტრიბუციის... თარიღი |
2009. |
| 300 ## - ფიზიკური აღწერა |
| Extent |
168 გვ. : |
| Other physical details |
ცხრ., ნახ. ; |
| Dimensions |
20სმ. |
| 501 ## - შენიშვნა თანმხლებ მასალაზე |
| With note |
დანართები: გვ. 144-159. |
| 504 ## - BIBLIOGRAPHY, ETC. NOTE |
| Bibliography, etc |
ბიბლიოგრ.: გვ. 160-163. |
| 520 ## - SUMMARY, ETC. |
| Summary, etc |
პარალ. სათ. რუსულ და ინგლ.ენ. |
| 653 ## - INDEX TERM--UNCONTROLLED |
| Uncontrolled term |
ბავშვთა ფსიქოლოგია; |
| 653 ## - INDEX TERM--UNCONTROLLED |
| Uncontrolled term |
ბავშვთა ქცევის ფსიქოლოგია; |
| 653 ## - INDEX TERM--UNCONTROLLED |
| Uncontrolled term |
პედაგოგიკური ფსიქოლოგია. |
| 942 ## - ADDED ENTRY ELEMENTS (KOHA) |
| Koha item type |
წიგნი |
| Source of classification or shelving scheme |
|